[Event "Olomouc Chess Summer 2012 - Valoz Cup"]
[Site "Olomouc (CZE), Hotel Flora"]
[Date "2012.08.09"]
[Round "11.1"]
[White "Ponizil, Cyril"]
[Black "Givon, Asaf"]
[Result "1/2-1/2"]
[WhiteElo "2396"]
[BlackElo "2340"]
[Annotator ",Microsoft"]
[PlyCount "119"]
[EventDate "2012.08.01"]

1. e4 c5 2. Nf3 d6 3. d4 cxd4 4. Nxd4 Nf6 5. Nc3 a6 6. Be3 e6 7. f4 Qc7 8. Be2
Be7 9. O-O O-O 10. Qe1 b5 11. Bf3 Bb7 12. e5 dxe5 13. fxe5 Nfd7 14. Qg3 Bxf3
15. Qxf3 Nb6 16. Rae1 N8d7 17. Qg3 Kh8 18. Nf3 b4 19. Ne4 Nd5 20. Nfg5 Bxg5 21.
Nxg5 Nxe3 22. Rxe3 Kg8 23. Nxf7 Qxc2 24. Nh6+ Kh8 25. Nf7+ Kg8 26. Ref3 Qg6 27.
Qh4 Nf6 28. exf6 Rxf7 29. Qxb4 Rxf6 30. Rxf6 gxf6 31. Qe7 f5 32. Rf3 Kh8 33.
Rg3 Qh6 34. h3 Rf8 35. Qd6 Qf6 36. Re3 Re8 37. Qe5 Qxe5 38. Rxe5 Kg7 39. Rc5
Kf6 40. b4 Rb8 41. a3 Rb6 42. Kf2 e5 43. Ke3 Rd6 44. g3 Rd1 45. Ra5 e4 46.
Rxa6+ Kg5 47. Ra8 Rd3+ 48. Kf2 h5 49. h4+ Kg4 50. Rg8+ Kh3 51. a4 Rf3+ 52. Ke2
Ra3 53. a5 Ra4 54. Rg5 Rxb4 55. Rxh5 Kxg3 56. Rxf5 Kxh4 57. Ke3 Ra4 58. Kf4 Kh3
59. Rg5 Kh2 60. a6 1/2-1/2

[Event "Olomouc Chess Summer 2012 - Valoz Cup"]
[Site "Olomouc (CZE), Hotel Flora"]
[Date "2012.08.09"]
[Round "11.2"]
[White "Bures, Jaroslav"]
[Black "Ben Artzi, Ido"]
[Result "0-1"]
[WhiteElo "2392"]
[BlackElo "2268"]
[PlyCount "76"]
[EventDate "2012.08.01"]

1. e4 e5 2. Nf3 Nc6 3. Bb5 a6 4. Ba4 Nf6 5. O-O Be7 6. Re1 b5 7. Bb3 d6 8. c3
O-O 9. h3 Nb8 10. d4 Nbd7 11. Nbd2 Bb7 12. Bc2 Re8 13. Nf1 Bf8 14. Ng3 g6 15.
b3 Bg7 16. Bb2 d5 17. exd5 exd4 18. c4 Nb6 19. Qd3 bxc4 20. bxc4 c5 21. dxc6
Bxc6 22. Nxd4 Bb7 23. Bb3 Nfd7 24. Rxe8+ Qxe8 25. Rc1 Rc8 26. Qd2 Nc5 27. Qa5
Qd8 28. Rd1 Nba4 29. Qd2 Nxb2 30. Qxb2 Ne6 31. Nge2 Qg5 32. g3 Qh5 33. Kh2 Bxd4
34. Nxd4 Ng5 35. h4 Qg4 36. f3 Qh3+ 37. Kg1 Nxf3+ 38. Nxf3 Bxf3 0-1

[Event "Olomouc Chess Summer 2012 - Valoz Cup"]
[Site "Olomouc (CZE), Hotel Flora"]
[Date "2012.08.09"]
[Round "11.3"]
[White "Biolek, Richard"]
[Black "Krejci, Jan"]
[Result "0-1"]
[WhiteElo "2409"]
[BlackElo "2503"]
[PlyCount "54"]
[EventDate "2012.08.01"]

1. d4 Nf6 2. c4 e6 3. g3 c5 4. d5 exd5 5. cxd5 b5 6. Nf3 d6 7. e4 a6 8. a4 Nxe4
9. axb5 a5 10. Bd3 Nf6 11. O-O Be7 12. Nc3 O-O 13. Ra4 Nbd7 14. Rh4 Re8 15. Re1
h6 16. Bb1 Bf8 17. Rxe8 Qxe8 18. Qc2 Bb7 19. Qf5 g6 20. Qh3 h5 21. Bf4 Nxd5 22.
Be4 N7f6 23. Nxd5 Bxd5 24. Bxd5 Nxd5 25. Qf1 Rb8 26. Nd2 Qxb5 27. Nc4 Nxf4 0-1

[Event "Olomouc Chess Summer 2012 - Valoz Cup"]
[Site "Olomouc (CZE), Hotel Flora"]
[Date "2012.08.09"]
[Round "11.6"]
[White "Steinberg, Nitzan"]
[Black "Bae, Torstein"]
[Result "0-1"]
[WhiteElo "2343"]
[BlackElo "2420"]
[PlyCount "72"]
[EventDate "2012.08.01"]

1. e4 e5 2. Nf3 Nc6 3. Bb5 f5 4. Nc3 fxe4 5. Nxe4 Nf6 6. Qe2 d5 7. Nxf6+ gxf6
8. Nd4 Bd7 9. Bxc6 bxc6 10. Qh5+ Ke7 11. Nf5+ Bxf5 12. Qxf5 Qd7 13. Qh5 Qe8 14.
Qh3 Qd7 15. Qh4 Qf5 16. d3 Rg8 17. Rg1 Rb8 18. Qa4 Kd7 19. Qxa7 Rb6 20. Be3 d4
21. Bd2 Rxb2 22. Qa4 Bd6 23. Qc4 Qe6 24. Qxe6+ Kxe6 25. Kd1 e4 26. dxe4 Bxh2
27. Rh1 Rxg2 28. a4 Rxf2 29. a5 d3 30. a6 Rxc2 31. Be3 Ra2 32. Rxa2 Rxa2 33. a7
Bd6 34. Rxh7 c5 35. Rh5 Rxa7 36. Kd2 Ra3 0-1

[Event "Olomouc Chess Summer 2012 - Prima Pack C"]
[Site "Olomouc (CZE), Hotel Flora"]
[Date "2012.08.09"]
[Round "9.2"]
[White "Bjerke, Silje"]
[Black "Jurek, Josef"]
[Result "1/2-1/2"]
[WhiteElo "2235"]
[BlackElo "2318"]
[PlyCount "63"]
[EventDate "2012.08.01"]

1. e4 e6 2. d4 d5 3. Nc3 Bb4 4. e5 c5 5. a3 Bxc3+ 6. bxc3 Ne7 7. Qg4 O-O 8. Bd3
Nbc6 9. Qh5 Ng6 10. Nf3 Qc7 11. Be3 c4 12. Bxg6 fxg6 13. Qg4 Qf7 14. Ng5 Qe8
15. h4 b5 16. Nh3 a5 17. Nf4 Rf5 18. h5 g5 19. h6 gxh6 20. Rxh6 Qf8 21. Rh3 Ra7
22. Nh5 h6 23. Nf6+ Rxf6 24. exf6 e5 25. Qf3 e4 26. Qh5 Bxh3 27. Qg6+ Kh8 28.
gxh3 Rf7 29. Qf5 Qd8 30. Rb1 Rxf6 31. Qg4 Ne7 32. Rxb5 1/2-1/2

[Event "Olomouc Chess Summer 2012 - Prima Pack C"]
[Site "Olomouc (CZE), Hotel Flora"]
[Date "2012.08.09"]
[Round "9.3"]
[White "Saduakassova, Dinara"]
[Black "Bartos, Jan"]
[Result "1-0"]
[WhiteElo "2216"]
[BlackElo "2211"]
[PlyCount "71"]
[EventDate "2012.08.01"]

1. d4 d5 2. c4 c6 3. Nf3 Nf6 4. e3 e6 5. Bd3 Nbd7 6. b3 Bb4+ 7. Nbd2 Bc3 8. Rb1
e5 9. dxe5 Nxe5 10. Nxe5 Bxe5 11. Qc2 O-O 12. Nf3 Bd6 13. O-O h6 14. Bb2 Bg4
15. Nd4 Qc7 16. h3 Bd7 17. Nf5 Bh2+ 18. Kh1 dxc4 19. Bxc4 Be5 20. Ne7+ Kh8 21.
Bxf7 Rxf7 22. Ng6+ Kg8 23. Nxe5 Re7 24. Nxd7 Nxd7 25. Rbd1 Ne5 26. f4 Nf7 27.
Qg6 Nh8 28. Qg4 Qa5 29. f5 Qxa2 30. f6 Rf7 31. fxg7 Rxf1+ 32. Rxf1 Qxb2 33.
gxh8=Q+ Kxh8 34. Qe6 Qg7 35. Rf6 Qg5 36. Rg6 1-0

[Event "Olomouc Chess Summer 2012 - Prima Pack C"]
[Site "Olomouc (CZE), Hotel Flora"]
[Date "2012.08.09"]
[Round "9.4"]
[White "Biolek, Richard"]
[Black "Obsivac, Josef"]
[Result "1/2-1/2"]
[WhiteElo "2446"]
[BlackElo "2280"]
[PlyCount "23"]
[EventDate "2012.08.01"]

1. d4 d5 2. c4 e6 3. Nc3 Nf6 4. Nf3 Be7 5. Bg5 O-O 6. e3 h6 7. Bh4 Nbd7 8. Rc1
b6 9. cxd5 Nxd5 10. Bxe7 Nxe7 11. Bc4 Bb7 12. O-O 1/2-1/2

[Event "Olomouc Chess Summer 2012 - Prima Pack C"]
[Site "Olomouc (CZE), Hotel Flora"]
[Date "2012.08.09"]
[Round "9.5"]
[White "Villegas, Pierre"]
[Black "Chernyshova, Natalia"]
[Result "1-0"]
[WhiteElo "2249"]
[BlackElo "2080"]
[PlyCount "91"]
[EventDate "2012.08.01"]

1. d4 e6 2. c4 b6 3. a3 Bb7 4. Nc3 f5 5. Nh3 Nf6 6. f3 Be7 7. e3 O-O 8. Be2 Qe8
9. O-O a5 10. b3 d6 11. Nf4 Bd8 12. d5 e5 13. Ne6 Rf7 14. Qc2 Nfd7 15. Bd2 Nf8
16. Nxd8 Qxd8 17. b4 Nbd7 18. Rfb1 axb4 19. axb4 Ng6 20. Rxa8 Qxa8 21. Bd3 Ne7
22. Nb5 Qb8 23. Ra1 Rf8 24. Qa2 Nc8 25. Qa4 c6 26. Nc3 b5 27. Qc2 bxc4 28. Bxf5
Nf6 29. Be6+ Kh8 30. dxc6 Bxc6 31. b5 Ba8 32. Bxc4 d5 33. Bf1 Nd6 34. Qa4 h6
35. Qb4 Rd8 36. Be1 Nf5 37. Bf2 d4 38. exd4 exd4 39. Qc5 g6 40. Nd1 Qf4 41. Qb6
Rf8 42. Nb2 Nd5 43. Qc5 Nfe3 44. Bg3 Qf7 45. Ra7 Bb7 46. Rxb7 1-0

[Event "Olomouc Chess Summer 2012 - Open Olomouc"]
[Site "Olomouc (CZE), Hotel Flora"]
[Date "2012.08.09"]
[Round "9.1"]
[White "Blahynka, Martin"]
[Black "Garcia Roman, Daniel"]
[Result "0-1"]
[WhiteElo "2145"]
[BlackElo "2386"]
[PlyCount "102"]
[EventDate "2012.08.02"]

1. e4 e6 2. d4 d5 3. Nc3 Nf6 4. e5 Nfd7 5. f4 c5 6. Nf3 Nc6 7. Be3 Be7 8. Qd2
O-O 9. dxc5 Qa5 10. Nb5 Qxd2+ 11. Nxd2 Nxc5 12. O-O-O b6 13. Nf3 Ba6 14. f5
Rac8 15. Nbd4 Nxd4 16. Nxd4 Bxf1 17. Rhxf1 Rfe8 18. f6 Bf8 19. g4 Nd7 20. Nf3
gxf6 21. exf6 Nxf6 22. Ne5 Bg7 23. g5 Ne4 24. Nxf7 Rf8 25. Nh6+ Bxh6 26. gxh6
Rxf1 27. Rxf1 Rc7 28. Bd4 Rf7 29. Rg1+ Kf8 30. b3 Nd6 31. Bg7+ Ke7 32. Kb2 Nf5
33. Rg4 Kd6 34. Kc3 e5 35. Rg6+ hxg6 36. h7 Rc7+ 37. Kd2 Rc8 38. h8=Q Rxh8 39.
Bxh8 Ke6 40. a4 Nd4 41. h3 Kf5 42. Kd3 Ne6 43. c4 e4+ 44. Ke2 dxc4 45. bxc4 a5
46. Ke3 Nc5 47. Kd4 Nxa4 48. Be5 Nc5 49. Bd6 a4 50. Be7 Kf4 51. h4 Kf3 0-1

[Event "Olomouc Chess Summer 2012 - Open Olomouc"]
[Site "Olomouc (CZE), Hotel Flora"]
[Date "2012.08.09"]
[Round "9.2"]
[White "Zilka, Stepan"]
[Black "Schulz, Jens"]
[Result "1-0"]
[WhiteElo "2517"]
[BlackElo "2263"]
[PlyCount "81"]
[EventDate "2012.08.02"]

1. d4 Nf6 2. c4 g6 3. Nc3 Bg7 4. e4 d6 5. Nf3 O-O 6. Be2 e5 7. O-O Nc6 8. d5
Ne7 9. Ne1 Nd7 10. Be3 f5 11. f3 f4 12. Bf2 g5 13. a4 h5 14. a5 Nf6 15. c5 g4
16. cxd6 cxd6 17. Nb5 Ng6 18. Bxa7 g3 19. Bb6 Qe7 20. Nc7 Ne8 21. Ne6 gxh2+ 22.
Kh1 Bxe6 23. dxe6 h4 24. Rc1 Kh7 25. Rf2 Qxe6 26. Bc4 Qe7 27. Bd5 Rb8 28. Rfc2
Qg5 29. Be6 Ne7 30. Bh3 Ra8 31. b4 Nc6 32. Rb2 Nd4 33. Nc2 d5 34. Nxd4 exd4 35.
exd5 Qxd5 36. Qd3+ Kh8 37. Rc5 Qf7 38. Re2 Nf6 39. Be6 Qe8 40. Bb3 Qd7 41. Qg6
1-0

[Event "Olomouc Chess Summer 2012 - Open Olomouc"]
[Site "Olomouc (CZE), Hotel Flora"]
[Date "2012.08.09"]
[Round "9.4"]
[White "Gagare, Shardul"]
[Black "Bilguun, Sumiya"]
[Result "1/2-1/2"]
[WhiteElo "2287"]
[BlackElo "2177"]
[PlyCount "134"]
[EventDate "2012.08.02"]

1. c4 c5 2. g3 Nc6 3. Bg2 b6 4. Nc3 Bb7 5. e4 d6 6. Nge2 Nf6 7. d4 cxd4 8. Nxd4
Rc8 9. O-O e6 10. b3 Be7 11. Ba3 a6 12. Qd2 Qc7 13. Rac1 O-O 14. Nd5 Qd8 15.
Nxc6 Bxc6 16. Nxe7+ Qxe7 17. e5 Ne4 18. exd6 Qd7 19. Qf4 Nc5 20. Bxc5 bxc5 21.
Rfd1 Rfd8 22. Rd3 Bxg2 23. Kxg2 Qc6+ 24. Kg1 Rd7 25. Rcd1 Rcd8 26. Qe5 a5 27.
f4 h6 28. g4 Kh7 29. Kf2 Rf8 30. h4 Re8 31. f5 f6 32. Qe3 e5 33. Rd5 Rc8 34. g5
Qa8 35. g6+ Kh8 36. Rxc5 Rcd8 37. Rcd5 Qb8 38. Qc5 a4 39. R1d3 e4 40. Re3 Rxd6
41. Rxd6 Rxd6 42. Rxe4 Rd8 43. Kg2 axb3 44. axb3 Rd2+ 45. Kf3 Rd3+ 46. Re3 Qa8+
47. Kf4 Rd8 48. Qe7 h5 49. Kg3 Qb8+ 50. Kh3 Kg8 51. Qf7+ Kh8 52. Qe7 Kg8 53.
Qe6+ Kh8 54. Qe4 Kg8 55. c5 Qb5 56. Qc4+ Qxc4 57. bxc4 Kf8 58. c6 Rd4 59. Rb3
Rxc4 60. Rb8+ Ke7 61. Rb7+ Kd6 62. Rxg7 Rxc6 63. Rf7 Ke5 64. Rh7 Kf4 65. Rxh5
Kf3 66. g7 Rc1 67. Kh2 Rc2+ 1/2-1/2

[Event "Olomouc Chess Summer 2012 - Open Olomouc"]
[Site "Olomouc (CZE), Hotel Flora"]
[Date "2012.08.09"]
[Round "9.5"]
[White "Nikolaev, Leonid"]
[Black "Sokolski, Aleksander"]
[Result "0-1"]
[WhiteElo "2271"]
[BlackElo "1950"]
[PlyCount "102"]
[EventDate "2012.08.02"]

1. Nf3 Nf6 2. c4 e6 3. g3 d5 4. Bg2 b6 5. O-O Bb7 6. cxd5 exd5 7. d4 Bd6 8. Nc3
O-O 9. Nb5 Ne4 10. Nxd6 Nxd6 11. Bf4 Re8 12. Rc1 Qe7 13. Re1 c6 14. Ne5 f6 15.
Nxc6 Bxc6 16. Rxc6 Ne4 17. Rc7 Qb4 18. f3 g5 19. fxe4 gxf4 20. e5 Na6 21. Bxd5+
Kh8 22. a3 Qa5 23. Bxa8 Nxc7 24. Bc6 Rg8 25. exf6 fxg3 26. f7 gxh2+ 27. Kh1 Rf8
28. Rf1 Qh5 29. e4 Qg6 30. Qc2 Rxf7 31. Rc1 Qg3 32. e5 Rf2 33. Qc3 Qf4 34. Bg2
Qg5 35. Bb7 Ne6 36. Rd1 Qg4 37. Re1 Nf4 38. Qc8+ Qxc8 39. Bxc8 Ne2 40. Rxe2
Rxe2 41. e6 Kg7 42. d5 Kf6 43. b4 Ke5 44. Bb7 Kd6 45. a4 Rb2 46. b5 Ra2 47. Bc6
Rxa4 48. Kxh2 a5 49. bxa6 Rxa6 50. Kg3 Ra1 51. Kf4 Rg1 0-1

[Event "Olomouc Chess Summer 2012 - Open Olomouc"]
[Site "Olomouc (CZE), Hotel Flora"]
[Date "2012.08.09"]
[Round "9.6"]
[White "Chudinovskikh, Alexander M"]
[Black "Plat, Vojtech"]
[Result "0-1"]
[WhiteElo "2248"]
[BlackElo "2480"]
[PlyCount "38"]
[EventDate "2012.08.02"]

1. d4 Nf6 2. Nf3 e6 3. c4 c5 4. Nc3 cxd4 5. Nxd4 Nc6 6. Ndb5 d6 7. Bf4 e5 8.
Bg5 a6 9. Na3 Be6 10. g3 Qb6 11. Qd2 Ng4 12. Nd1 d5 13. cxd5 Bb4 14. Nc3 Qxf2+
15. Kd1 f6 16. h3 Bxc3 17. bxc3 Bxd5 18. e4 Bxe4 19. Kc1 fxg5 0-1

[Event "Olomouc Chess Summer 2012 - Open Olomouc"]
[Site "Olomouc (CZE), Hotel Flora"]
[Date "2012.08.09"]
[Round "9.7"]
[White "Jasny, Stanislav"]
[Black "Narayanan, Srinath"]
[Result "0-1"]
[WhiteElo "2308"]
[BlackElo "2399"]
[PlyCount "122"]
[EventDate "2012.08.02"]

1. e4 c5 2. Nf3 d6 3. d4 cxd4 4. Nxd4 Nf6 5. Nc3 a6 6. Be2 e5 7. Nb3 Be7 8. Bg5
Be6 9. Bxf6 Bxf6 10. Qd3 O-O 11. O-O-O Qb6 12. Qxd6 Qxf2 13. Rhf1 Qe3+ 14. Kb1
Nc6 15. Qc5 Qh6 16. Nd5 Bd8 17. Qf2 Rc8 18. h3 Bg5 19. Qb6 Rb8 20. Rf3 Qg6 21.
Bd3 Rfd8 22. Rdf1 Qh6 23. g4 Rxd5 24. exd5 Bxd5 25. Qc7 Bxf3 26. Rxf3 Qe6 27.
Nc5 Qd5 28. Ne4 Be7 29. a3 b5 30. Rf1 Qe6 31. g5 a5 32. h4 b4 33. axb4 axb4 34.
b3 Qc8 35. Qxc8+ Rxc8 36. Bc4 Rf8 37. h5 g6 38. Nf6+ Kh8 39. h6 Rd8 40. Bxf7
Nd4 41. Bc4 Nf5 42. Ng4 Bxg5 43. Nxe5 Nxh6 44. Nc6 Ra8 45. Nxb4 Nf5 46. Nd5 Bh6
47. Re1 Bg7 48. c3 Nd6 49. Re6 Nxc4 50. bxc4 Bf8 51. Kc2 Rc8 52. Kd3 Bc5 53.
Nb6 Rf8 54. Na4 Bf2 55. c5 g5 56. c6 g4 57. c7 Bg3 58. Rf6 Rc8 59. Nc5 Bxc7 60.
Ne4 g3 61. Nd2 Rd8+ 0-1

[Event "Olomouc Chess Summer 2012 - Open Olomouc"]
[Site "Olomouc (CZE), Hotel Flora"]
[Date "2012.08.09"]
[Round "9.8"]
[White "Volodin, Viktor"]
[Black "Camarena Gimenez, Rufino"]
[Result "1/2-1/2"]
[WhiteElo "2205"]
[BlackElo "2396"]
[PlyCount "82"]
[EventDate "2012.08.02"]

1. Nf3 Nf6 2. c4 c6 3. d4 d5 4. Nc3 dxc4 5. a4 e6 6. e3 c5 7. Bxc4 Nc6 8. O-O
cxd4 9. exd4 Be7 10. d5 exd5 11. Nxd5 Nxd5 12. Qxd5 O-O 13. Qxd8 Rxd8 14. Bg5
h6 15. Bxe7 Nxe7 16. Rfd1 Bd7 17. Ne5 Be8 18. Bb3 Kf8 19. Rxd8 Rxd8 20. Rd1
Rxd1+ 21. Bxd1 Nc6 22. Nxc6 Bxc6 23. b4 Ke7 24. Bb3 Kd6 25. Bxf7 Bxa4 26. f4
Bc6 27. Kf2 Bd5 28. Be8 Kc7 29. g4 Kb6 30. g5 Bc6 31. gxh6 gxh6 32. Bg6 Kb5 33.
Ke3 Kxb4 34. Kd4 Ba4 35. Be4 a5 36. f5 b6 37. f6 Be8 38. Bc6 Bg6 39. Be4 Be8
40. Bc6 Bg6 41. Be4 Be8 1/2-1/2

[Event "Olomouc Chess Summer 2012 - Open Olomouc"]
[Site "Olomouc (CZE), Hotel Flora"]
[Date "2012.08.09"]
[Round "9.9"]
[White "Furman, Boris"]
[Black "Piscopo, Pierluigi"]
[Result "0-1"]
[WhiteElo "2255"]
[BlackElo "2364"]
[PlyCount "66"]
[EventDate "2012.08.02"]

1. d4 Nf6 2. c4 g6 3. Nc3 Bg7 4. Nf3 O-O 5. Bg5 c5 6. d5 b5 7. Nxb5 Ne4 8. Bc1
Qa5+ 9. Nd2 Ba6 10. g3 e6 11. Bg2 exd5 12. O-O Bxb5 13. Nxe4 dxc4 14. Nd6 Bc6
15. Nxc4 Qa6 16. Bd5 Bd4 17. Bxc6 Nxc6 18. Ne3 Rfe8 19. Re1 Rab8 20. Ng4 h5 21.
Ne3 Ne5 22. Nd5 Qc6 23. Nc3 h4 24. a4 f5 25. Nb5 h3 26. e4 fxe4 27. Nxd4 cxd4
28. Re2 Nf3+ 29. Kh1 e3 30. fxe3 d3 31. Rf2 d2 32. Rxf3 Rxe3 33. Bxd2 Rxf3 0-1

[Event "Olomouc Chess Summer 2012 - Open Olomouc"]
[Site "Olomouc (CZE), Hotel Flora"]
[Date "2012.08.09"]
[Round "9.10"]
[White "Ageichenko, Genadi A"]
[Black "Semenova, Irina"]
[Result "1-0"]
[WhiteElo "2329"]
[BlackElo "2214"]
[PlyCount "157"]
[EventDate "2012.08.02"]

1. d4 Nf6 2. Nf3 g6 3. c4 Bg7 4. Nc3 O-O 5. Bg5 h6 6. Bh4 d6 7. e3 Nbd7 8. Qc2
c6 9. Be2 Qe8 10. O-O e5 11. dxe5 dxe5 12. Nd2 Nc5 13. b4 Bf5 14. e4 Ncxe4 15.
Ndxe4 Nxe4 16. Nxe4 Bxe4 17. Qxe4 f5 18. Qc2 g5 19. Bg3 f4 20. Qe4 Rd8 21. Rad1
Rd4 22. Rxd4 exd4 23. Qd3 fxg3 24. hxg3 Qe5 25. c5 Kh8 26. Bf3 Qf5 27. Be4 Qf7
28. a3 a6 29. g4 Qf4 30. Bf5 h5 31. g3 Qe5 32. Kg2 h4 33. Be4 Re8 34. Bf3 Qf6
35. Bd1 Re7 36. Bc2 Kg8 37. Qh7+ Kf8 38. Bb3 Ke8 39. gxh4 gxh4 40. Bc2 Kd8 41.
Bd3 Bh6 42. Qf5 Qg7 43. Rh1 Rf7 44. Qg6 Qf8 45. Bf5 Rf6 46. Qh5 Qg8 47. Qxh4
Qd5+ 48. f3 Qe5 49. Re1 Be3 50. Qh8+ Ke7 51. Qg7+ Ke8 52. Qxb7 Rh6 53. Qd7+ Kf8
54. Rh1 Bf4 55. Be4 d3 56. Qf5+ Qxf5 57. Bxf5 d2 58. Bc2 Rxh1 59. Kxh1 Be5 60.
Kg2 Bb2 61. a4 Ba3 62. Kf2 Bxb4 63. Ke2 Ke7 64. f4 Bxc5 65. Kxd2 a5 66. Kd3 Ba3
67. Ke4 Bc1 68. Ke5 Bd2 69. g5 Bc1 70. Be4 c5 71. Bd5 Bd2 72. Bc4 Bc1 73. Kf5
Bd2 74. Kg4 Bc1 75. f5 Bb2 76. Kh5 Bc3 77. Kg6 Bb2 78. f6+ Kf8 79. Kf5 1-0

[Event "Olomouc Chess Summer 2012 - Open Olomouc"]
[Site "Olomouc (CZE), Hotel Flora"]
[Date "2012.08.09"]
[Round "9.11"]
[White "Cagasik, Tomas"]
[Black "Sergienko, Vladislav"]
[Result "1/2-1/2"]
[WhiteElo "2266"]
[BlackElo "2191"]
[PlyCount "38"]
[EventDate "2012.08.02"]

1. e4 c5 2. Nf3 Nc6 3. d4 cxd4 4. Nxd4 g6 5. Nc3 Bg7 6. Be3 Nf6 7. f3 O-O 8.
Nb3 d6 9. Qd2 Be6 10. O-O-O Rc8 11. g4 Ne5 12. Qf2 a6 13. h4 b5 14. h5 Qc7 15.
Bb6 Qb7 16. Na5 Qb8 17. Bd4 Qc7 18. Bb6 Qb8 19. Bd4 Qc7 1/2-1/2

[Event "Olomouc Chess Summer 2012 - Open Olomouc"]
[Site "Olomouc (CZE), Hotel Flora"]
[Date "2012.08.09"]
[Round "9.12"]
[White "Kanovsky, David"]
[Black "Molnar, Jiri"]
[Result "1-0"]
[WhiteElo "2441"]
[BlackElo "1856"]
[PlyCount "51"]
[EventDate "2012.08.02"]

1. e4 e6 2. d4 d5 3. Nd2 dxe4 4. Nxe4 Nd7 5. Nf3 Ngf6 6. Ng3 c5 7. Be2 cxd4 8.
Nxd4 Bc5 9. O-O Bxd4 10. Qxd4 Qb6 11. Qh4 O-O 12. b3 Ne5 13. Bb2 Ng6 14. Qg5
Nd5 15. Nh5 f6 16. Qd2 Rd8 17. Rad1 Bd7 18. c4 Nde7 19. Bxf6 gxf6 20. Nxf6+ Kf7
21. Nxd7 Qc7 22. Rfe1 h5 23. Bxh5 Rh8 24. Ne5+ Kg7 25. Bxg6 Nxg6 26. Qg5 1-0

[Event "Olomouc Chess Summer 2012 - Open Olomouc"]
[Site "Olomouc (CZE), Hotel Flora"]
[Date "2012.08.09"]
[Round "9.13"]
[White "Kubik, Michael"]
[Black "Dolezal, Radoslav"]
[Result "0-1"]
[WhiteElo "2134"]
[BlackElo "2374"]
[PlyCount "44"]
[EventDate "2012.08.02"]

1. e4 c6 2. d4 d5 3. e5 Bf5 4. Nf3 e6 5. Be2 h6 6. O-O Nd7 7. Nbd2 Ne7 8. c4
dxc4 9. Nxc4 Nd5 10. Bd3 Bxd3 11. Qxd3 N7b6 12. Be3 Nxc4 13. Qxc4 Be7 14. Nd2
Qb6 15. Ne4 O-O 16. Qe2 Nxe3 17. fxe3 c5 18. Rad1 Rad8 19. Qf2 cxd4 20. exd4 f6
21. Qh4 Rxd4 22. Nxf6+ Rxf6 0-1

[Event "Olomouc Chess Summer 2012 - Open Olomouc"]
[Site "Olomouc (CZE), Hotel Flora"]
[Date "2012.08.09"]
[Round "9.14"]
[White "Gagarin, Vasilij"]
[Black "Jakl, Ales"]
[Result "1-0"]
[WhiteElo "2372"]
[BlackElo "2048"]
[PlyCount "61"]
[EventDate "2012.08.02"]

1. d4 Nf6 2. c4 d6 3. Nf3 g6 4. g3 Bg7 5. Bg2 O-O 6. O-O Nbd7 7. Nc3 e5 8. e4
Re8 9. h3 c6 10. Be3 Qc7 11. Qc2 h6 12. Rad1 Nh5 13. Qd2 g5 14. d5 c5 15. h4 f6
16. Qe2 Nf4 17. gxf4 exf4 18. Bc1 Ne5 19. Nxe5 fxe5 20. Qh5 Qe7 21. hxg5 hxg5
22. f3 Rf8 23. Kf2 Bd7 24. Rh1 Qf6 25. Bh3 Bxh3 26. Rxh3 Rf7 27. Rg1 Kf8 28.
Rxg5 Ke7 29. Rf5 Rh8 30. Rxf6 Bxf6 31. Qxh8 1-0

[Event "Olomouc Chess Summer 2012 - Open Olomouc"]
[Site "Olomouc (CZE), Hotel Flora"]
[Date "2012.08.09"]
[Round "9.15"]
[White "Miturova, Magdalena"]
[Black "Piankov, Evgenij"]
[Result "1/2-1/2"]
[WhiteElo "2139"]
[BlackElo "2338"]
[PlyCount "95"]
[EventDate "2012.08.02"]

1. e4 c6 2. d4 d5 3. Nc3 g6 4. h3 Bg7 5. Nf3 Nh6 6. Bd3 O-O 7. O-O dxe4 8. Nxe4
Nf5 9. c3 Nd6 10. Bf4 b6 11. Re1 Bb7 12. Qe2 Nxe4 13. Qxe4 e6 14. Be5 Nd7 15.
Bxg7 Kxg7 16. Rad1 Qc7 17. Qe2 Rad8 18. Ne5 c5 19. Nxd7 Rxd7 20. dxc5 Qxc5 21.
Be4 Bd5 22. Bxd5 Rxd5 23. Rxd5 Qxd5 24. Qe5+ Qxe5 25. Rxe5 Rd8 26. Re2 Rd1+ 27.
Kh2 Kf6 28. Kg3 e5 29. f3 h5 30. Rc2 Ke6 31. c4 Kd6 32. b4 Rb1 33. c5+ bxc5 34.
bxc5+ Kc6 35. Rd2 Rb7 36. Kh4 Rb4+ 37. Kg5 e4 38. fxe4 Rxe4 39. Rf2 Re7 40. Kf6
Rd7 41. Kg7 Kxc5 42. Rxf7 Rd2 43. Rxa7 Rxg2 44. Kh6 h4 45. Ra4 g5 46. Ra5+ Kd6
47. Rxg5 Rg3 48. Kh5 1/2-1/2

[Event "Olomouc Chess Summer 2012 - Open seniorù"]
[Site "Olomouc (CZE), Hotel Flora"]
[Date "2012.08.09"]
[Round "9.1"]
[White "Vorobyov, Yrij"]
[Black "Vasek, Rostislav"]
[Result "1-0"]
[WhiteElo "2254"]
[BlackElo "1644"]
[PlyCount "85"]
[EventDate "2012.08.01"]

1. Nf3 d5 2. g3 c6 3. Bg2 Nf6 4. O-O g6 5. b3 Bg7 6. Bb2 O-O 7. c4 e6 8. d3
Nbd7 9. Qc2 Re8 10. Nc3 e5 11. cxd5 cxd5 12. Nb5 Re6 13. Qc7 Re8 14. Qxd8 Rxd8
15. Nxe5 Nxe5 16. Bxe5 Ne8 17. Bxg7 Kxg7 18. Rfc1 a6 19. Nc7 Nxc7 20. Rxc7 Rb8
21. d4 Be6 22. Rac1 Kf8 23. e3 Ke8 24. Kf1 Rd7 25. R7c5 Ke7 26. h3 h5 27. h4
Kf6 28. Ke2 Ke7 29. Rc7 Kd6 30. Rxd7+ Kxd7 31. Rc5 b6 32. Rc1 Kd6 33. f3 Rc8
34. Rxc8 Bxc8 35. e4 f6 36. Ke3 g5 37. e5+ Ke7 38. hxg5 fxg5 39. f4 gxf4+ 40.
Kxf4 Be6 41. Kg5 Bf7 42. Bf3 b5 43. Bxh5 1-0

[Event "Olomouc Chess Summer 2012 - Open seniorù"]
[Site "Olomouc (CZE), Hotel Flora"]
[Date "2012.08.09"]
[Round "9.3"]
[White "Travnicek, Petr"]
[Black "Zdrazil, Bohumir"]
[Result "1/2-1/2"]
[WhiteElo "2169"]
[BlackElo "1917"]
[PlyCount "81"]
[EventDate "2012.08.01"]

1. Nf3 c5 2. c4 Nf6 3. Nc3 Nc6 4. g3 g6 5. Bg2 Bg7 6. O-O O-O 7. e4 d6 8. h3
Nd7 9. d3 Nde5 10. Be3 Nxf3+ 11. Qxf3 Nd4 12. Qd1 Bd7 13. Rb1 Rb8 14. f4 f5 15.
Kh2 a6 16. Ne2 b5 17. Bxd4 cxd4 18. cxb5 Rxb5 19. Qa4 Qb6 20. Qc4+ Kh8 21. b4
a5 22. a3 axb4 23. a4 Rc5 24. Qxb4 Qa6 25. Nxd4 Qxd3 26. Rfd1 Qc4 27. exf5 gxf5
28. Nb5 Qxb4 29. Rxb4 Rc2 30. Kh1 Rfc8 31. Na7 Rc1 32. Rxc1 Rxc1+ 33. Kh2 Bc3
34. Rb8+ Kg7 35. Rb7 Bxa4 36. Rxe7+ Kf6 37. Rxh7 Bd4 38. h4 Bg1+ 39. Kh3 Bd1
40. Bd5 Rc2 41. Rf7+ 1/2-1/2